1837 1765 1643 1132 1549 1351 1472 1961 1758 1901 1534 1092 1569 1404 1889 1274 1694 1459 1505 1646 1205 1357 1828 1471 1327 1602 1153 1477 1412 1321 1828 1025 1635 1859 1076 1195 1502 1960 1870 1916 1801 1059 1211 1677 1418 1924 1594 1768 1435 1368 1130 1793 1115 1962 1182 1183 1394 1938 1778 1229 1612 1442 1102 1434 1835 1048 1366 1597 1593 1467 1435 1758 1892 1435 1309 1866 1817 1127 1516 1457 1364 1316 1346 1211 1472 1714 1328 1738 1167 1890 1837 1398 1062 1573 1087 1931 1535 1181 1160 BCNSPRNW ULIB Ver.6.0+V

เปลี่ยนเป็นภาษาไทย

Change to English
 แสดงรายละเอียดบรรณานุกรม
  กลับหน้าหลัก

Brief Record : Get Marc (ISO 2709) : E-mail record : QR code < ปิดหน้าต่าง
LEADER : 00000nam 2200000uu 4500
001    13399122822
003     ULIB
008    130927s2554||||th 000 0 tha d
020    ^a9786167078168
090    นว.^bภ21พ
100 0  ^aภาคินัย
245 10 ^aพอร์ซเลน...ตุ๊กตาอาฆาต /^cภาคินัย [นามแฝง]
260    ^aกรุงเทพฯ :^bโซฟา พับลิชชิ่ง,^c2554
300    ^a256 หน้า
945    ^p200^l0^i034048
999    ^aเกษร โพธิ์สุวรรณ
รายการนี้ยังไม่มีแท็ก
คุณยังไม่ได้ล็อกอิน คุณสามารถมีกิจกรรมร่วมกับเว็บไซต์ได้ แต่ต้องล็อกอินก่อน ::
  ล็อกอิน

รายการสื่อสารสนเทศ

ลำดับที่ ประเภท เลขเรียก/บาร์โค้ด สถานที่ สถานะ
1. นวนิยาย
นวนิยาย
นว. ภ21พ ฉ.1 
  Barcode: 034048
ห้องสมุดวิทยาเขตสวรรค์ประชารักษ์
►นวนิยาย
บนชั้น
  ขอยืม

รายการใกล้เคียง
    ผู้แต่ง [ภาคินัย]

BibComment


ยังไม่เคยถูกคอมเมนท์

คอมเมนท์ทรัพยากรรายการนี้
  คอมเมนท์: พอร์ซเลนตุ๊กตาอา..


 Copyright 2026. Bcnsprnw @Library